| 000 | 00694nam a2200241Ia 4500 | ||
|---|---|---|---|
| 003 | OSt | ||
| 005 | 20230518154103.0 | ||
| 008 | 210423s2012 xx 000 0 und d | ||
| 020 | _a978-81-317-5845-8 | ||
| 040 | _cAL | ||
| 041 | _aeng | ||
| 082 |
_a658.4 _223 _b FERC |
||
| 100 |
_aFERNANDO (A C) _9108843 |
||
| 245 | _aCorporate governance: principles policies and practices Ed 2 | ||
| 250 | _a2 | ||
| 260 |
_aNew Delhi _bPearson _c2012 |
||
| 300 |
_axviii,580 _bPB |
||
| 365 |
_b565 _cINR |
||
| 650 |
_aExecutive Management _9108844 |
||
| 650 |
_aManagement _9108845 |
||
| 906 | _a2: ; Corporate ; Ed ; governance ; governance: ; policies ; practices ; principles | ||
| 942 |
_2ddc _cBK |
||
| 999 |
_c166768 _d166768 |
||